| 000 | 00523nam a2200145Ia 4500 | ||
|---|---|---|---|
| 008 | 140724s9999 xx 000 0 und d | ||
| 050 |
_aQA 76 _b.P676 2009 |
||
| 100 | _aPiscoso, Martin Louie G. | ||
| 245 |
_aApartment rental system application software for Mrs. Carmen G. Gabriel / _cMartin Louie G. Piscoso. |
||
| 260 |
_aLas PiƱas, Philippines : _bSouthville International School and Colleges, _cc2009. |
||
| 300 |
_a70 p. : _bcol. Ill. ; _c28 cm. |
||
| 521 | _aInformation Technology | ||
| 942 | _cTH | ||
| 999 |
_c229276 _d229276 |
||